Сравнение источников рентгеновского излучения на основе тормозного и параметрического излучений; Известия Томского политехнического университета [Известия ТПУ]; Т. 311, № 2 : Математика и механика. Физика
| Parent link: | Известия Томского политехнического университета [Известия ТПУ]/ Томский политехнический университет (ТПУ).— , 2000- Т. 311, № 2 : Математика и механика. Физика.— 2007.— [С. 57-62] |
|---|---|
| Autor principal: | |
| Outros Autores: | |
| Resumo: | Заглавие с титульного листа Электронная версия печатной публикации Проведен сравнительный анализ рентгеновской трубки и источника на основе параметрического рентгеновского излучения. Интенсивность параметрического излучения источника на базе компактного линейного ускорителя с энергией пучка 6 МэВ и током 100 мкА сравнима с интенсивностью стандартной рентгеновской трубки. Возможность плавного изменения энергии излучения параметрического излучения в широком энергетическом диапазоне от 6 до 130 кэВ с шириной линии порядка 300 эВ на порядки повысит контрастность получаемого изображения и на порядок снизит дозовую нагрузку. |
| Idioma: | russo |
| Publicado em: |
2007
|
| Colecção: | Математика и механика. Физика |
| Assuntos: | |
| Acesso em linha: | http://www.lib.tpu.ru/fulltext/v/Bulletin_TPU/2007/v311/i2/15.pdf |
| Formato: | MixedMaterials Recurso Electrónico Capítulo de Livro |
| KOHA link: | https://koha.lib.tpu.ru/cgi-bin/koha/opac-detail.pl?biblionumber=172423 |
MARC
| LEADER | 00000nla2a2200000 4500 | ||
|---|---|---|---|
| 001 | 172423 | ||
| 005 | 20240213102152.0 | ||
| 035 | |a (RuTPU)RU\TPU\book\186988 | ||
| 035 | |a RU\TPU\book\186987 | ||
| 090 | |a 172423 | ||
| 100 | |a 20091213d2007 k y0rusy50 ca | ||
| 101 | 0 | |a rus | |
| 102 | |a RU | ||
| 135 | |a drnn ---uucaa | ||
| 181 | 0 | |a i | |
| 182 | 0 | |a b | |
| 200 | 1 | |a Сравнение источников рентгеновского излучения на основе тормозного и параметрического излучений |f А. С. Гоголев, А. П. Потылицын | |
| 203 | |a Текст |c электронный | ||
| 215 | |a 1 файл (985 Кб) | ||
| 225 | 1 | |a Математика и механика. Физика | |
| 300 | |a Заглавие с титульного листа | ||
| 300 | |a Электронная версия печатной публикации | ||
| 320 | |a [Библиогр.: с. 62 (11 назв.)] | ||
| 330 | |a Проведен сравнительный анализ рентгеновской трубки и источника на основе параметрического рентгеновского излучения. Интенсивность параметрического излучения источника на базе компактного линейного ускорителя с энергией пучка 6 МэВ и током 100 мкА сравнима с интенсивностью стандартной рентгеновской трубки. Возможность плавного изменения энергии излучения параметрического излучения в широком энергетическом диапазоне от 6 до 130 кэВ с шириной линии порядка 300 эВ на порядки повысит контрастность получаемого изображения и на порядок снизит дозовую нагрузку. | ||
| 337 | |a Adobe Reader | ||
| 461 | 1 | |0 (RuTPU)RU\TPU\book\176237 |t Известия Томского политехнического университета [Известия ТПУ] |f Томский политехнический университет (ТПУ) |d 2000- | |
| 463 | 1 | |0 (RuTPU)RU\TPU\book\186973 |x 1684-8519 |t Т. 311, № 2 : Математика и механика. Физика |v [С. 57-62] |d 2007 |p 170 с. | |
| 610 | 1 | |a источники | |
| 610 | 1 | |a рентгеновское излучение | |
| 610 | 1 | |a тормозное излучение | |
| 610 | 1 | |a параметрическое излучение | |
| 610 | 1 | |a сравнительный анализ | |
| 610 | 1 | |a рентгеновские трубки | |
| 610 | 1 | |a линейные ускорители | |
| 610 | 1 | |a энергия | |
| 610 | 1 | |a пучки | |
| 610 | 1 | |a ток | |
| 610 | 1 | |a энергетические диапазоны | |
| 610 | 1 | |a контрастность | |
| 610 | 1 | |a изображения | |
| 610 | 1 | |a труды учёных ТПУ | |
| 610 | 1 | |a электронный ресурс | |
| 700 | 1 | |a Гоголев |b А. С. |c физик |c доцент Томского политехнического университета, кандидат физико-математических наук |f 1983- |g Алексей Сергеевич |3 (RuTPU)RU\TPU\pers\26565 |9 12254 | |
| 701 | 1 | |a Потылицын |b А. П. |c российский физик |c профессор Томского политехнического университета |f 1945- |g Александр Петрович |3 (RuTPU)RU\TPU\pers\15853 |4 070 |9 5531 | |
| 801 | 1 | |a RU |b 63413507 |c 20090623 |g PSBO | |
| 801 | 2 | |a RU |b 63413507 |c 20211116 |g PSBO | |
| 856 | 4 | |u http://www.lib.tpu.ru/fulltext/v/Bulletin_TPU/2007/v311/i2/15.pdf | |
| 942 | |c CF | ||